| 000 | 01924cam a2200433 i 4500 | ||
|---|---|---|---|
| 001 | 991061731901406706 | ||
| 003 | ES-BaIT | ||
| 005 | 20260307073649.0 | ||
| 008 | 260306q17481753sp 000 d spa c | ||
| 040 |
_aES-BaIT _bcat _erda _cES-BaIT |
||
| 080 | _a860-2"17" | ||
| 100 | 1 |
_aZamora, Antonio de, _d1660-1728 _eautor _992591 |
|
| 245 | 1 | 0 | _aEntremes de las gurruminas |
| 246 | 3 | 3 | _aGurruminas |
| 264 | 1 |
_aEn Sevilla : _ben la Imprenta Real, Casa del Correo Viejo, _c[entre 1748 i 1753] |
|
| 300 |
_a16 pàgines ; _c8º |
||
| 336 |
_atext _btxt _2rdacontent |
||
| 337 |
_asense mediació _bn _2rdamedia |
||
| 338 |
_avolum _bnc _2rdacarrier |
||
| 510 | 4 |
_aBarrera y Leirado. Catálogo bibliográfico y biográfico del teatro antiguo español, _cpàgina 504 |
|
| 530 | _aReproducció digital disponible a Biblioescènic | ||
| 593 |
_bVIT-084/08. _cRelligat en volum factici. _gExemplar digitalitzat per Crossland, 2022. _hArtur Sedó |
||
| 593 | 0 | 0 | _choland. granate. Procedència: Col·lecció Joaquín Montaner |
| 593 | 0 | 0 | _choland. marrón (Entrem. VIII-Fdez. Guerra) |
| 655 | 7 |
_aEntremesos castellans _yS. XVIII _2lemac _9168430 |
|
| 710 | 2 |
_aImprenta Real (Sevilla) _eimpressor _9162702 |
|
| 730 | 0 |
_aCol·lecció digital Biblioescènic del MAE _969172 |
|
| 752 |
_aEspaña _dSevilla |
||
| 856 | 4 | 1 |
_zAccés lliure (Biblioescènic) _uhttps://books.cdmae.cat/visorpdf/?recurs=SV0084-08 |
| 856 | 4 | 1 |
_zAccés lliure (Biblioteca Digital Hispánica) _uhttps://bnedigital.bne.es/bd/es/card?id=42cf2fcc-8628-487f-9880-a8bf005b4295&page=1 |
| 856 | 4 | 2 |
_3Fitxa del catàleg manual _uhttp://www.cdmae.cat/sedo/imgtitulos/033/P0000930.gif |
| 856 | 4 | 2 |
_3Fitxa del catàleg manual _uhttp://www.cdmae.cat/sedo/imgtitulos/033/P0000931.gif |
| 902 | _aFons antic | ||
| 902 | _aPatrimoni | ||
| 908 | _aCDMAE | ||
| 940 | _aCDMAE | ||
| 942 |
_2udc _cDIGITAL |
||
| 999 |
_c137209 _d137209 |
||